|
|
|
|
| LEADER |
00919nam a2200265 a 4500 |
| 001 |
000473196 |
| 003 |
CZ BrMZK |
| 005 |
20190221131836.0 |
| 007 |
ta |
| 008 |
000105s1984 xo slo d |
| 040 |
|
|
|a BOA001
|b cze
|
| 072 |
|
7 |
|a 633
|x Rostlinná výroba
|2 Konspekt
|9 24
|
| 080 |
|
|
|a 633
|2 MRF
|
| 080 |
|
|
|a (048.8:082)
|2 MRF
|
| 100 |
1 |
|
|a Dunajovec, Jozef,
|d 1933-2007
|7 jn19990009533
|4 com
|
| 245 |
1 |
0 |
|a Biotechnologické systémy rastlinnej výroby /
|c Zost. Jozef Dunajovec, Vendelín Péter
|
| 250 |
|
|
|a 1. vyd.
|
| 260 |
|
|
|a Bratislava :
|b Príroda,
|c 1984
|
| 300 |
|
|
|a 297 s., barev. obr. na příl.
|
| 650 |
0 |
7 |
|a rostlinná výroba
|7 ph116065
|2 czenas
|
| 655 |
|
7 |
|a kolektivní monografie
|7 fd501537
|2 czenas
|
| 700 |
1 |
|
|a Péter, Vendelín
|7 jx20071220033
|4 com
|
| 910 |
|
|
|a BOA001
|b 3-0885.026
|
| 990 |
|
|
|a BK
|
| 996 |
7 |
|
|b 2619117798
|c 3-0885.026
|l MZK
|r Sklad / do 1 hodiny
|n 1
|w 000473196
|u 000010
|a 1
|e BOA001
|j MZK50
|s A
|